MARC

LEADER 00000nam0a2200000 4500
001 307917
005 20231102002037.0
020 |a RU  |b 81-72067 
035 |a (RuTPU)RU\TPU\book\333225 
090 |a 307917 
100 |a 20151027d1981 km y0rusy5003 ca 
101 0 |a rus 
102 |a RU 
105 |a a g 001zy 
200 1 |a Справочник по освещению предприятий горнопромышленных комплексов  |f В. П. Апенко, В. И. Шпортько, А. Я. Фарбман 
210 |a Москва  |c Недра  |d 1981 
215 |a 182 с.  |c ил. 
320 |a Библиогр.: с. 178 
606 1 |a Рудничное освещение  |2 stltpush  |3 (RuTPU)RU\TPU\subj\25647  |9 49750 
610 1 |a горная промышленность, предприятия 
610 1 |a справочники 
610 1 |a горнопромышленный комплекс 
610 1 |a электроосветительные установки 
610 1 |a осветительные приборы 
610 1 |a светильники 
610 1 |a лампы накаливания 
610 1 |a люминесцентные лампы 
610 1 |a ртутные лампы 
675 |a 622.47(035)  |z rus  |v 3 
700 1 |a Апенко  |b В. П.  |g Владимир Панфилович  |4 070 
701 1 |a Шпортько  |b В. И.  |g Василий Иванович 
701 1 |a Фарбман  |b А. Я.  |g Анатолий Яковлевич 
801 0 |a RU  |b RuMRKP  |c 19950704  |g psbo 
801 1 |a RU  |b 63413507  |c 20151027 
801 2 |a RU  |b 63413507  |c 20180704  |g RCR 
942 |c BK